000 01188nam0a22003011 4500
001 rc\3807210
005 20250530060854.0
021 _aRU
_b[75-98522]
035 _a(NLR Aleph) 007263704
090 _a5334820
_c5334820
100 _a20120329d1975 |||y0rusy50 ca
101 0 _arus
102 _aRU
105 _aa z |||||
200 1 _aЭксплуатация и ремонт тяговых подстанций электрифицированных железных дорог
_f[Канд. техн. наук Л.С. Панфиль, Н.Н. Волков, кандидаты техн. наук С.М. Кузнецов, В.П. Маценко]
210 _aМосква
_cТранспорт
_d1975
215 _a311 с.
_cил.
_d22
320 _aСписок лит.: с. 308-309 (38 назв.)
606 _aТяговые подстанции
_xЭксплуатация
_2psbo
701 1 _aКузнецов
_bС.М.
701 1 _aМаценко
_bВ.П.
701 1 _aВолков
_bН.Н.
701 1 _aПанфиль
_bЛ.С.
_gЛеонид Семенович
801 0 _aRU
_bNLR
_gpsbo
801 1 _aRU
_bELAR
_2rusmarc
852 _aNLR
_j76-5/721
942 _cBOOK
980 _aNB